000 00548nam a2200193Ia 4500
003 GCL
008 140319s9999 xx 000 0 eng d
040 _aGCL /
_cGCL
082 0 4 _a613.71
_bS I
100 1 _aSIEDENTOP, DARYL
245 1 0 _aINTRODUCTION TO PHYSICAL EDUCATION FITNESS AND SPORT /
_cSIEDENTOP, DARYL
260 _a[S.N] :
_bMAYFIELD PUBLISHING COMPANY ،
_c1994
300 _a384 PP
650 0 4 _aSPORTS
650 0 4 _aSPORT SCIENCE
650 0 4 _aPHYSICAL FITNESS
650 0 4 _aPHYSICAL ADUCATION AND TRAINING
942 _2ddc
_cBK
999 _c24625
_d24625